XI Roku 2008 Polskich Piłkarzy (wg Tygodnika "Piłka Nożna") - Statystyki

Ogólne statystyki
  • Ten quiz został rozwiązany 62 razy
  • Średni wynik to 7 z 11
Statystyki odpowiedzi
Pozycja Klub Zawodnik % Poprawnych
BR Celtic Artur Boruc
100%
PS Dortmund Jakub Błaszczykowski
91%
PO Anderlecht Marcin Wasilewski
88%
ŚO Olympiakos Michał Żewłakow
75%
LO Legia Jakub Wawrzyniak
68%
N Wisła Paweł Brożek
66%
ŚO Wisła/Auxerre Dariusz Dudka
64%
ŚP Lech Rafał Murawski
64%
N Bielefeld Artur Wichniarek
55%
ŚP Zagłębie/Legia Maciej Iwański
41%
LP/ŚP Legia Roger Guerreiro
29%
Nie znaleziono quizów pasujących do podanych kryteriów
Rozkład punktacji
Procent ludzi z każdym wynikiem
Percentyl według liczby udzielonych odpowiedzi
Twoja historia wyników
Nie rozwiązałeś tego quizu